Les grandes dates de l'Islam / (Registro nro. 106362)

Detalles MARC
000 -LEADER
campo de control de longitud fija 00770nam a2200253 i 4500
001 - NÚMERO DE CONTROL
campo de control 106362
003 - IDENTIFICADOR DE NÚMERO DE CONTROL
campo de control ES-MaACL
005 - FECHA Y HORA DE LA ÚLTIMA TRANSACCIÓN
campo de control 20230906184126.0
007 - CAMPO FIJO DE DESCRIPCIÓN FÍSICA--INFORMACIÓN GENERAL
campo de control de longitud fija t|
008 - DATOS DE LONGITUD FIJA--INFORMACIÓN GENERAL
campo de control de longitud fija 061103s1990 fr ||||1| fre d
020 ## - NÚMERO INTERNACIONAL ESTÁNDAR DEL LIBRO
Número Internacional Estándar del Libro 2-03-740006-3
080 ## - NÚMERO DE LA CLASIFICACIÓN DECIMAL UNIVERSAL
Número de la Clasificación Decimal Universal 94(5/6=411.21)(059.3)
080 ## - NÚMERO DE LA CLASIFICACIÓN DECIMAL UNIVERSAL
Número de la Clasificación Decimal Universal 297(091)(059.3)
245 04 - MENCIÓN DEL TÍTULO
Título Les grandes dates de l'Islam /
Mención de responsabilidad, etc. sous la direction de Robert Mantran.
260 ## - PUBLICACIÓN, DISTRIBUCIÓN, ETC.
Lugar de publicación, distribución, etc. Paris :
Nombre del editor, distribuidor, etc. Larousse,
Fecha de publicación, distribución, etc. [1990]
300 ## - DESCRIPCIÓN FÍSICA
Extensión 287 p. ;
Dimensiones 23 cm.
490 1# - MENCIÓN DE SERIE
Mención de serie Essentiels
500 ## - NOTA GENERAL
Nota general Biblioteca Jacinto Martíenz Lacalle.
650 14 - PUNTO DE ACCESO ADICIONAL DE MATERIA--TÉRMINO DE MATERIA
Término de materia o nombre geográfico como elemento de entrada Países árabes-
Subdivisión general Historia-
Subdivisión de forma Cronología.
9 (RLIN) 15790
650 14 - PUNTO DE ACCESO ADICIONAL DE MATERIA--TÉRMINO DE MATERIA
Término de materia o nombre geográfico como elemento de entrada Islamismo-
Subdivisión general Historia-
Subdivisión de forma Cronología.
9 (RLIN) 13909
830 0# - PUNTO DE ACCESO ADICIONAL DE SERIE-TÍTULO UNIFORME
Título uniforme Essentiels
9 (RLIN) 185197
852 ## - LOCALIZACIÓN
Ubicación ES-MaACL
Número de control de estantería E-11347
Sublocalización o colección R.139071
Existencias
Estatus retirado Estado de pérdida Estado de daño No para préstamo Biblioteca de origen Biblioteca actual Ubicación en estantería Fecha de adquisición Fuente de adquisición Total de préstamos Signatura topográfica completa Código de barras Visto por última vez Precio de reemplazo Tipo de ítem Koha
        Biblioteca del Ateneo de Madrid Biblioteca del Ateneo de Madrid Depósito 2 17/01/2008     E-11347 1111031 23/02/2023 23/02/2023 Libro impreso